000 03917cam a2200301 4500500
005 20260111072335.0
041 _afre
042 _adc
100 1 0 _aForget-Moulineuf, Sarah
_eauthor
700 1 0 _aGrandgeorge, Marine
_eauthor
245 0 0 _aEffet de l’animal sur les comportements autocentrés chez les patients Alzheimer
260 _c2026.
500 _a10
520 _aLes recherches récentes montrent que les interventions assistées par l’animal (IAA) ont un impact positif sur la qualité de vie des personnes âgées atteintes de la maladie d’Alzheimer en institution. Cependant, aucune de ces études ne traite spécifiquement des comportements autocentrés, pourtant difficiles à appréhender tant pour le personnel soignant que la famille. L’objectif ici, en s’appuyant sur deux cas cliniques, est d’étudier les effets d’une intervention assistée par l’animal sur les comportements autocentrés des personnes âgées atteintes de la maladie d’Alzheimer. Nos résultats montrent que le chien a sollicité de manière différente et complémentaire la communication verbale et non verbale chez ces personnes, comme déjà connu dans la littérature. De plus, en stimulant les capacités cognitives, motrices, affectives et en motivant les personnes âgées démentes, la présence du chien a pu faire diminuer ou faire disparaître les comportements autocentrés des personnes, même dans le cadre d’une maladie d’Alzheimer à un stade avancé. En pratique, cela peut permettre de changer le regard des soignants et/ou de la famille sur les personnes, puisqu’en présence du chien, ces dernières peuvent avoir un comportement plus adapté mais également être motivées à faire des choses qu’elles refusent habituellement. Cette expérience commune soignant/soigné pourra permettre le développement d’IAA spécifiques autour des comportements autocentrés, et d’une communication maintenue.
520 _aRecent research shows that animal-assisted interventions (AAIs) have a positive impact on the quality of life of older people with Alzheimer’s disease in institutional settings. However, none of these studies specifically address self-centered behaviors, which are difficult for both caregivers and family members to understand. The objective of this study, based on two clinical cases, was to examine the effects of an animal-assisted intervention on self-centered behaviors in older people with Alzheimer’s disease. Our results showed that dogs elicited verbal and non-verbal communication in these individuals in a distinct and complementary way, as already documented in the literature. In addition, by stimulating cognitive, motor, and affective abilities, and by motivating older people with dementia, the presence of a dog was able to reduce or even eliminate self-centered behaviors, even in the context of advanced Alzheimer’s disease. In practice, these findings may help shift caregivers’ and family members’ perceptions of patients, as the presence of a dog can lead them to behave more appropriately and cooperatively, and to engage in activities they would otherwise refuse. This shared caregiver–patient experience may support the development of targeted IAAs focusing on self-centered behaviors and sustained communication.
690 _aAlzheimer
690 _acomportement autocentré
690 _aintervention assistée par l’animal
690 _aintervention non médicamenteuse
690 _aqualité de vie
690 _aAlzheimer
690 _aanimal-assisted intervention
690 _anon-pharmacological intervention
690 _aquality of life
690 _aself-centered behavior
786 0 _nGérontologie et société | 47/ 178 | 3 | 2026-01-05 | p. 129-149 | 0151-0193
856 4 1 _uhttps://shs.cairn.info/revue-gerontologie-et-societe-2025-4-page-129?lang=fr&redirect-ssocas=7080
999 _c1614947
_d1614947